000 00554nam a22002177a 4500
003 OSt
005 20160208153538.0
008 160208b xxu||||| |||| 00| 0 eng d
020 _a9781118817339
040 _cDNLM
082 _aWH140 B16b 2015
100 _aBain, Barbara J.
_970
245 _aBlood cells: a practical guide
250 _a5th ed.
260 _aUK; John Wiley, 2015
300 _ax,491p; col.ill: 25cm
504 _aReferences & index included
650 _aBlood cells
_96739
650 _aHematology
_9890
942 _2z
_cO_SHELF
999 _c2996
_d2996